[Event "NRW U18 op"]
[Site "Olpe"]
[Date "2005.10.03"]
[Round "6.43"]
[White "Bialas, Jan Philip"]
[Black "Kluft, Lukas"]
[Result "1-0"]
[WhiteElo "854"]
[BlackElo "828"]
[PlyCount "103"]
[EventDate "2005.10.01"]
[EventType "swiss"]
[EventRounds "7"]
[EventCountry "GER"]
[SourceTitle "CBM 108 Extra"]
[Source "ChessBase"]
[SourceDate "2005.11.04"]
[SourceVersion "1"]
[SourceVersionDate "2005.11.04"]
[SourceQuality "1"]

1. d4 e6 2. Nf3 Nc6 3. e3 Nf6 4. Bd3 Bd6 5. c3 0-0 6. 0-0 e5 7. Bc4 e4 8. Nfd2 Ne7 9. Qc2 c5 10. Nxe4 Bb8 11. Nxc5 Qc7 12. f4 d5 13. Bd3 g6 14. Nd2 Bf5 15. Bxf5 Nxf5 16. Nf3 b6 17. Nd3 Re8 18. Re1 Ne4 19. Bd2 f6 20. Re2 Nxd2 21. Qxd2 Ng7 22. Rae1 g5 23. g3 gxf4 24. exf4 Qf7 25. Rxe8+ Nxe8 26. Qe2 Bd6 27. Nh4 Ng7 28. Qd1 Re8 29. Kf2 Rxe1 30. Qxe1 f5 31. Ne5 Bxe5 32. Qxe5 Qe6 33. Qxe6+ Nxe6 34. Nxf5 Kf7 35. Ne3 Nc7 36. Kf3 a5 37. a4 b5 38. axb5 Nxb5 39. Nxd5 Ke6 40. Ne3 a4 41. Nc2 Kf5 42. h3 h6 43. g4+ Kg6 44. f5+ Kg5 45. Ke4 h5 46. gxh5 Kxh5 47. Ke5 Kg5 48. Ke6 Nc7+ 49. Ke5 Nb5 50. h4+ Kxh4 51. f6 Kg5 52. f7 1-0